Statystyki dla RODZAJE LISTÓW

Kliknij tutaj aby rozwiązać quiz!

Ogólne statystyki

  • Ten quiz został rozwiązany 21 razy
  • Średni wynik to 2 z 6

Statystyki odpowiedzi

Odpowiedź% Poprawnych
POLECONY
80%
GOŃCZY
40%
MIŁOSNY
40%
POCZTOWY
20%
ELEKTRONICZNY
13%
MOTYWACYJNY
7%

Rozkład punktacji

Percentyl według liczby udzielonych odpowiedzi

Procent ludzi z każdym wynikiem

Twoja historia wyników

Nie rozwiązałeś tego quizu